[Event "Essent Crown Group"]
[Site "Hoogeveen NED"]
[Date "2007.10.15"]
[Round "2"]
[White "Mamedyarov, S."]
[Black "Andriasian, Z."]
[Result "1-0"]
[WhiteElo "2752"]
[BlackElo "2546"]
[Annotator "de Dovitiis Alejo"]
[PlyCount "67"]
[EventDate "2007.10.14"]
[Source "Mark Crowther"]
[SourceDate "2007.10.15"]

{Shakryar Mamedyarov siguiendo la tradicion azerbajana instaurada por el
enorme Gary Kasparov es una de las firmes promesas para alcanzar el numero uno
del mundo. Su juego ex plosivo ha ido mutando a un estilo mas posicional lo
que lo hizo consolidarse en el top ten de la elite mundial. Essent Chess forma
parte del festival que se disputa en la ciudad holandesa de Hoogeveen el cual,
como suele suceder en Holanda, es una verdadera fiesta ajedrecistica.
Analicemos entonces una gran partida entre el gran maestro con mayor ranking y
el que cuenta con el menor en este torneo cerrad a doble vuelta.} 1. c4 Nf6 2.
Nc3 c6 3. e4 {
Inivitando a una defensa Caro Khan en el supuesto de realizar d5 las negras.} (
3. d4 d5 {llevaba las cosas hacia la defensa Eslava.}) 3... e5 {
Las negras optan por la India Antigua.} (3... d5 4. exd5 ({RR} 4. cxd5 cxd5 5.
e5 d4 6. exf6 dxc3 7. bxc3 gxf6 8. d4 Qa5 9. Bd2 Nc6 10. Nf3 Bg4 11. Be2 O-O-O
12. c4 Qa3 13. d5 $16 {Ravikumar,V-Roth,R/Copenhagen 1980.}) 4... cxd5 5. d4 e6
6. Nf3 Bb4 7. cxd5 Nxd5 8. Bd2 Nc6 9. Bd3 Nf6 10. O-O Be7 11. Bg5 O-O 12. Re1
Bd7 13. Rc1 Rc8 14. Bb1 Re8 15. Ne5 Nxe5 16. dxe5 Nd5 $11 {
Portisch,L-Petrosian,T/Tel Aviv 1964.}) 4. Nf3 d6 5. d4 {
Ahora si, estamos en la defensa India Antigua.} 5... Bg4 6. Be3 (6. Be2 Nbd7 7.
O-O Be7 8. Be3 O-O 9. h3 (9. d5 Qb8 10. Nd2 Bxe2 11. Qxe2 Bd8 12. b4 Bb6 13.
Nb3 Bxe3 14. Qxe3 cxd5 15. Nxd5 Nxd5 16. cxd5 f5 17. Rac1 fxe4 18. Nd2 Nf6 $11
{Hernandez,R-Malich,B/Leipzig 1975}) 9... Bh5 10. Nd2 Bxe2 11. Qxe2 Ne8 12. Nf3
Qa5 13. a3 Qc7 14. Rfd1 a5 15. b3 exd4 16. Nxd4 $14 {
Jensen,K-Laird,C/Auckland 1979.}) (6. dxe5 Bxf3 7. Qxf3 dxe5 8. Be2 Nbd7 9. O-O
Qc7 10. Rd1 Nc5 11. Be3 Be7 12. Rac1 a5 $11 {Simunek,J-Cesal,J/Harrachov 1970})
6... Nbd7 7. h3 Bxf3 {
Luce como arriesgado dar de manera veloz el par de alfiles.} (7... Bh5 $5 8. g4
Bg6 9. h4 $6 h5 $132) 8. Qxf3 Qc7 9. O-O-O {
Las blancas disponen un esquema agresivo.} 9... Be7 10. g4 exd4 {Cede la tensio
n en el centro, abriendolo, peligroso si pensamos que el blanco posee el par
de alfiles.} (10... g6) 11. Bxd4 h6 12. h4 $1 $36 Qa5 13. Be2 O-O-O {Las negras
prefieren enroques homogeneos por la posibilidad del blanco de hacer una
avalancha con los mismos en el flanco rey.} 14. Qf5 $1 {Diagrama #} 14... Qxf5
15. exf5 {El blanco retoma la idea de avanzar con sus peones.} 15... g5 16.
fxg6 fxg6 17. f4 $1 {Mamedyarov no cesa en su plan.} 17... Rhf8 18. g5 Ne8 (
18... Nh5 19. Bxh5 gxh5 20. Rhe1 (20. Rde1 $2 Rxf4) 20... Rde8 21. gxh6 Rxf4
22. Ne4 $18 {El blanco amenaza h7 y Nxd6+ tambien.}) 19. Rdf1 (19. gxh6 Bf6 (
19... Rxf4 20. h7 Nef6 21. Be3 Rf5 22. Bd3) 20. h5 {
Eran muy buenas opciones para el blanco.}) 19... Rf7 20. Bd3 hxg5 21. fxg5
Rxf1+ 22. Rxf1 c5 {No queda otra que debilitar el centro dejando la casilla d5
si se pretende proteger al peon g6.} 23. Bf2 (23. Bh8 $2 Nc7) 23... Ne5 24. Be4
Nc7 25. Bg3 $16 {Las blancas dominan todo el tablero y tienen como plus la
chance de generar un peon libre en el sector rey.} 25... Rh8 (25... Nxc4 26.
Bxg6) 26. b3 b6 27. Rd1 Rh7 28. Kb1 Bf8 (28... Rg7 {era preferible.}) 29. Bxe5
dxe5 30. Bxg6 Rxh4 31. Bf5+ Kb7 32. Rd7 $1 Rf4 (32... Kc6 33. Rf7 Bd6 $2 34.
Be4+) 33. Rf7 Bd6 34. g6 {El peon g6 es una pesadilla imparable para las
negras. Excelente victoria posicional de Mamedyarov.} 1-0

[Event "Blindfold World Cup"]
[Site "Bilbao ESP"]
[Date "2007.10.18"]
[Round "5"]
[White "Bu Xiangzhi"]
[Black "Topalov, V."]
[Result "1-0"]
[WhiteElo "2692"]
[BlackElo "2769"]
[Annotator "de Dovitiis Alejo"]
[PlyCount "73"]
[EventDate "2007.10.16"]
[Source "Mark Crowther"]
[SourceDate "2007.10.22"]

{BU VIO MAS QUE EL RESTO En la ciudad espanola de Bilbao se disputo el
denominado Mundial de ajedrez a la Ciega. En medio de grandes estrellas dijo
presente el gran jugador chino Bu Xiangzhi ganando un torneo muy duro y
solamente empatando 1-1 con Polgar y doblegando al resto en sus matches
individuales de partida y revancha. Su adversario de este juego el ex campeon
mundial Vesselin Topalov no estuvo a la altura de lo esperado por la aficion
de su parte. Analicemos entonces este choque entre una estrella consolidada y
otra en pleno ascenso en el firmamente ajedrecistico.} 1. Nf3 g6 2. c4 Bg7 3.
d4 {Un orden de movidas que permite pasar a distintos esquema, quizas
eludiendo la fuerte siciliana del bulgaro.} 3... c5 4. e4 {Se acepta la
Siciliana pero formacion Maroczy, idea que al parecer no seduce a Topalov.}
4... d6 (4... cxd4 5. Nxd4 Nc6 {Era un Dragon acelerado.}) 5. Be2 Nc6 6. d5 Nd4
7. Nxd4 cxd4 8. O-O $146 {
Las blancas, con simpleza, no se apuran a ir por el peon de d4.} (8. Na3 Qa5+
9. Bd2 Qb6 10. Bd3 Nf6 11. O-O O-O 12. b4 a6 13. h3 Nd7 14. f4 Qd8 15. Nc2 e5
16. f5 b6 17. Qg4 a5 18. a3 Ra7 19. Bg5 Bf6 20. Bh6 Bg7 21. Bg5 Bf6 22. Bh6 Bg7
23. Bg5 {1/2-1/2 Trifunovic,P-Forintos,G/Hamburg 1965/EU-chT.}) 8... e5 9. dxe6
Bxe6 (9... fxe6 $5) 10. Na3 Qb6 11. Bf4 a6 (11... Ne7 {Buscando un pronto
enroque creo que era una opcion superior, pero las negras se hallan
preocupadas por sus peones doblados en la columna d.}) 12. Qa4+ Kf8 $6 {
Diagrama # Un movimiento arriesgado que sera punido por las blancas de forma
inmediata.} (12... Bd7 13. Qc2 Ne7) 13. c5 $1 dxc5 (13... Qxc5 14. Rac1 Qb6 15.
Nc4 Bxc4 16. Bxc4 $16) 14. Nc4 Bxc4 15. Qxc4 $44 {Pareja de alfiles,
iniciativa y mejor coordinacion de piezas son elementos suficientes para
compensar el peon de menos.} 15... Ne7 16. Rac1 Rc8 17. Bg4 $1 Rd8 (17... f5
18. exf5 gxf5 19. Bh5 Qf6 20. Bd6 $1 {seria tremendo.}) 18. Qxc5 Qxc5 19. Rxc5
d3 {La carta de las negras pero insuficiente. Era mejor impedir la invasion de
la torre blanca.} (19... Nc6) 20. Rc7 $1 h5 21. Bd7 $1 {
Bu maniata por todos lados a su oponente.} 21... Nc6 22. Rxb7 Ne5 23. Bxe5 Bxe5
24. Rd1 {Se elimina al unico peligro que puede ocasionar las negras.} 24...
Bxb2 25. Rxd3 (25. Rxb2 Rxd7 26. Rb3 d2 27. Rb2 Ke7 {
daba chances de sonar con tablas.}) 25... Be5 26. Rd5 f6 27. Be6 $1 {Brillante:
desaparece la unica pieza negra activa y las blancas se aduenan del tablero
ante la impotencia de la Rh8 y del rey negro cortado en la primera fila.} 27...
Rxd5 28. exd5 h4 29. Rf7+ Ke8 30. Ra7 Rf8 31. h3 {
Sin apuro en ganar mas material.} 31... f5 32. Kf1 Rf6 33. Ke2 g5 34. Kd3 g4
35. Kc4 {Las negras intentan pero nada consiguen.} 35... gxh3 36. gxh3 Rg6 $4 {
Grave falla en posicion perdida.} 37. Bf7+ {Se captura la torre. Una tremenda
victoria desde lo posicional de parte de la joven esperanza china.} 1-0

[Event "Casino Barcelona"]
[Site "Barcelona ESP"]
[Date "2007.10.19"]
[Round "2"]
[White "Krasenkow, M."]
[Black "Nakamura, H."]
[Result "0-1"]
[WhiteElo "2668"]
[BlackElo "2648"]
[Annotator "de Dovitiis Alejo"]
[PlyCount "56"]
[EventDate "2007.10.18"]
[Source "Mark Crowther"]
[SourceDate "2007.10.22"]

{NAKAMURA ARRASA EN BARCELONA Hikaru Nakamura, GM norteamericano, habitual
protagonista de ICC, acaba de vencer con el excelente score de 7/9 (+6 =2 -1)
en el Magistral Casino de la ciudad de Barcelona (Espana). Segundo a un punto
resulto el ganador de la edicion 2006 el GM cubano Lenier Dominguez. Nadie
puede dudar del talento innato de Nakamura para el juego ciencia pero este
explosivo juego frente a un experimentado y encumbrado rival demuestra las
condiciones ajedrecisticas del vencedor en el gran evento catalan trasmitido
por ICC.} 1. Nf3 Nf6 2. c4 e6 3. g3 d5 4. Bg2 {Al no hacer d4 el blanco esquva
las lineas con Ab4+ del negro, popularizadas por Topalov en su match con
Kramnik.} 4... Be7 5. O-O O-O 6. b3 {
Las blancas plantean un esquema de doble fianchetto.} (6. d4 {
Iba de lleno a los terrenos de la Apertura Catalana.}) 6... a5 $5 {
Para resquebrajar el sector dama blanco.} (6... c5 7. Bb2 Nc6 8. cxd5 exd5 9.
d4 Ne4 10. dxc5 Bxc5 11. e3 Bf5 12. Nc3 Nxc3 13. Bxc3 Be4 14. Qd2 $14 {
Doda,Z-Padevsky,N/Tel Aviv 1964}) (6... c5 7. cxd5 Nxd5 8. Bb2 Bf6) 7. Nc3 {
Frena a4 pero el caballo suele ser mas ductil desde d2} (7. Bb2 c6 (7... a4 $5)
8. d4 b5 9. Nbd2 Nbd7 10. Qc2 Ba6 11. Rfe1 Rc8 12. c5 Ne8 13. a3 f5 14. b4 a4
15. Rad1 Rc7 16. Ne5 Nxe5 17. dxe5 Bc8 18. f4 Bd7 19. Nf3 g6 20. e3 Ng7 21. Nd4
Qe8 22. Nf3 Qd8 23. Nd4 Qe8 24. Nf3 Qd8 25. Nd4 Qe8 {
1/2-1/2 Lokvenc,J-Kmoch,H/Vienna 1928/}) (7. Ba3 Bxa3 8. Nxa3 Qe7 9. Nc2 Nc6 (
9... a4 $5) 10. d4 Rd8 11. Qc1 e5 12. dxe5 Nxe5 13. Ne3 d4 14. Nxe5 Qxe5 15.
Nd5 Nxd5 16. cxd5 Bg4 17. e3 Rxd5 18. exd4 Rxd4 19. Re1 Qd6 {
1/2-1/2 Prokhorovich,T-Ilivitzki,G/Sverdlovsk 1957/MCD (19)}) 7... c6 8. d4 {
Tras idas y vueltas se retorna a la Catalana} 8... Nbd7 9. Qc2 b6 10. e4 Ba6
11. Nd2 (11. e5 Ne8 12. Ne2 b5 13. c5 b4 14. a4 bxa3 15. Rxa3 $14) 11... c5 $1
{Las negras responden con energia en el centro del tablero.} 12. exd5 (12. dxc5
d4 $5 13. e5 Nxe5 14. Bxa8 Qxa8 (14... dxc3 15. Qxc3 Qxa8 16. Qxe5) 15. Na4
bxc5 $44) 12... cxd4 13. Nb5 $6 (13. d6 $5 Bxd6 14. Bxa8 Qxa8 15. Nce4 Be7 {
era preferible para el primer bando.}) 13... exd5 14. Nxd4 Rc8 15. Re1 b5 {
Las negras ya dominan las acciones} 16. Bb2 Re8 $1 {
Una movida cautelosa que permite poner la dama en accion} 17. Qd1 (17. Nf5 $5)
17... bxc4 18. bxc4 Qb6 19. Rb1 dxc4 {
Sin temor a los revoleos de piezas blancas.} 20. Nc6 $2 {Tentadora pero mala.}
(20. Bc3 $142) 20... Rxc6 21. Bxf6 {Diagrama #} 21... Qxf2+ $3 {Una increible
movida en medio de una situacion complicada pero que no presagiaba semejante
sorpresa.} 22. Kxf2 Bc5+ 23. Kf3 {El rey se interna en mar abierto} (23. Bd4
Bxd4+ 24. Kf3 Rf6+ 25. Kg4) (23. Kf1 c3+ 24. Re2 c2 25. Qxc2 Bxe2+ 26. Ke1 Bd3+
) 23... Rxf6+ 24. Kg4 Ne5+ 25. Kg5 (25. Kh4 Rh6+ 26. Kg5 Rg6+ 27. Kh5 Bc8) (25.
Rxe5 Bc8+ 26. Rf5 Bxf5+ 27. Kh4 Rh6+ 28. Kg5 Bc8 {
y las amenaza de mate son multiples.}) 25... Rg6+ 26. Kh5 (26. Kf4 Nd3+ 27. Kf3
Rf6+ 28. Kg4 Bc8+) 26... f6 27. Rxe5 Rxe5+ 28. Kh4 Bc8 $1 {La estocada final
de una partida memorable del justo ganador del Magistral disputado en tierras
catalanas.} (28... Bc8 29. Bd5+ Rxd5 30. g4 Rd3 $19) 0-1

[Event "ETCC"]
[Site "Crete GRE"]
[Date "2007.11.01"]
[Round "5"]
[White "Mamedyarov, S."]
[Black "Svidler, P."]
[Result "0-1"]
[WhiteElo "2752"]
[BlackElo "2732"]
[Annotator "de Dovitiis Alejo"]
[PlyCount "70"]
[EventDate "2007.10.28"]
[Source "Mark Crowther"]
[SourceDate "2007.11.05"]

{PEDRO EL GRANDE Peter Svidler, primer tablero de la seleccion rusa, en el
campeonato de naciones europeo que se halla disputando en la hermosa isla
griega de Creta, viene mostrando una gran forma que no se le viera en el
reciente mundial de ajedrez. Todo el equipo ruso anda encendido, pero en el
primer tablero, ante rivales de primer nivel Svidler viene realizado una gran
labor. Analicemos entonces la partida ante el primer tablero de Azerbayian, ni
mas ni menos que el consolidado top ten Shakrishar Mamedyarov.} 1. d4 d5 2. c4
c6 {El orden de la Eslava se encuentra en la cresta de la ola en cuanto a
preferencias en el primer nivel mundial.} 3. Nc3 Nf6 (3... e6 4. e4 dxe4 5.
Nxe4 Bb4+ 6. Bd2 (6. Nc3 c5 7. a3 Ba5 8. Nf3 Nf6 9. Be3 Nc6 10. dxc5 Bxc3+ $13)
6... Qxd4 7. Bxb4 Qxe4+ 8. Be2 {Lleva por las arenas movedizas del gambito
eslavo, que no suele traer buenos resultados al negro.}) 4. Nf3 e6 {
las negras optan por la defensa semieslava.} (4... dxc4 5. a4 Bf5 6. e3 (6. Ne5
e6 7. f3 Bb4 8. e4 Bxe4 9. fxe4 Nxe4 10. Bd2 Qxd4 11. Nxe4 Qxe4+ 12. Qe2 Bxd2+
13. Kxd2 {es el camino agudo dentro de los esquemas eslavos.}) 6... e6 7. Bxc4
Bb4 {Es el sendero tranquilo de la defensa eslava.}) 5. Bg5 (5. e3) (5. Qb3 {
son alternativas que suelen ser mas calmas que la presente.}) 5... h6 {
Svidler no entra de lleno en las complicaciones.} (5... dxc4 6. e4 b5 7. e5 h6
8. Bh4 {conocido como Sistema Botvinnik era la chance super aguda en mano de
las negras.}) 6. Bxf6 {Y Mamedyarov elude tambien el camino mas espinoso, el
cual tuvo buen suceso para el negro durante el reciente mundial de Mexico.} (6.
Bh4 dxc4 7. e4 g5 8. Bg3 b5 $13) 6... Qxf6 7. Qb3 (7. e3 Nd7 8. Bd3 dxc4 9.
Bxc4 g6 10. O-O Bg7 11. e4 $14) 7... dxc4 {Al mejor estilo variante Merano.} (
7... a5 $5 {Una movida vista en los juegos de un gran especialista en esta
variante con negras: Sveshnikov.} 8. e3 Nd7 9. Bd3 Bd6 10. O-O Qe7 11. e4 dxc4
12. Bxc4 e5 13. dxe5 Nxe5 14. Nxe5 Bxe5 15. f4 Bd4+ 16. Kh1 O-O 17. e5 Bf5 $15
{Danielian,O-Guliev,S/Moscow 1995.}) 8. Qxc4 Nd7 {Pero las negras tienen otras
intenciones en lugar de b5, quieren realizar la ruptura central e5 para darle
vida al Bc8.} 9. g3 e5 {
Las negras se deciden a romper en el centro de manera veloz.} (9... Qe7 10. Bg2
Qb4 11. Nd2 Qxb2 12. Rb1 Qa3 13. O-O Nb6 14. Qd3 Be7 15. Nc4 Qa6 16. Ne5 Qxd3
17. Nxd3 $44 {Shirov,A-Anand,V/Linares 1994.}) 10. O-O-O $146 {
Un movimiento ambicioso pero con sus riesgos.} (10. Bg2 exd4 11. Nxd4 (11. Ne4
Qe7 12. Qxd4 Qb4+ 13. Nc3 Nf6 14. O-O-O Be6 15. a3 Qa5 16. Qe5 Qxe5 17. Nxe5
Rd8 18. Kc2 Bd6 19. Nd3 O-O 20. e4 Bc4 21. Rhe1 Ng4 22. h3 Bxd3+ 23. Rxd3 Ne5
24. Rd2 Bc5 25. Red1 Rxd2+ {
Kortschnoj,V-Kramnik,V/Monte Carlo 1994/CBM 040 ext/1/2-1/2 (50)}) 11... Be7 ({
RR} 11... Nb6 12. Qd3 Bc5 13. O-O-O Be6 14. Ne4 Qxd4 15. Qxd4 Bxd4 16. Rxd4 Rd8
17. Rhd1 Ke7 18. Nc5 Rxd4 19. Rxd4 Bc8 20. Rd3 Nd7 21. Ne4 Ne5 22. Ra3 a6 23.
Rb3 Kd7 24. Bh3+ Kc7 25. Bxc8 Rxc8 26. Nc5 {
Mikenas,V-Cherepkov,A/Riga 1952/EXT 2003/1-0 (67)}) 12. f4 Qd6 13. Nf5 Qf6 14.
Nxe7 Qxe7 15. O-O O-O 16. Ne4 Kh8 17. Rfd1 f5 18. Nd6 Nb6 19. Qd4 Be6 20. Qe5
Rab8 21. Nxf5 Qf6 22. Qxf6 gxf6 23. Nd6 Rfd8 24. Kf2 Kg7 {
Terpugov,E-Kotov,A/Moscow 1951/URS-ch/1-0 (39)}) (10. dxe5 Nxe5 11. Qe4 Bd6 12.
O-O-O Bc7 {luce bien para el negro}) 10... Be7 11. Ne4 {
La idea es que la dama negra no tenga un buen retroceso.} 11... Qf5 12. Qc2 {
Se amenaza Nd6+ capturando la dama.} 12... O-O 13. Kb1 $6 {
Una jugada logica pero que permite una liberacion total de parte de las negras.
} (13. Bg2) 13... Nf6 $1 14. Nxf6+ Bxf6 15. dxe5 Bxe5 16. Nxe5 (16. Qxf5 Bxf5+
{y se percibiria la falencia de Kb1.}) 16... Qxe5 17. f4 Qh5 18. e4 {
Las blancas movilizan su mayoria de peones.} 18... Bg4 $1 19. Re1 (19. Rd2 {
Parece preferible en virtud de pelear por la columna central abierta.}) 19...
Rad8 $1 20. Be2 Rd4 $15 21. Bxg4 Qxg4 22. e5 Rfd8 {las negras dominan la
columna central y tienen controlado los avances de los peones blancos.} 23. Re2
g6 24. Rc1 $6 (24. Rhe1 {/\ e6.}) 24... Rd3 25. a3 Qe6 {
Diagrama # Las negras dominan las sesenta y cuatro casillas.} 26. Qc4 R8d5 $1 {
No es conveniente canjear damas, ya que la dama negras tiene el control de los
escaques claros, donde el blanco podria tener una ruptura. Las blancas han
quedado sin plan.} 27. Ka1 a5 28. Qc2 h5 {
El flanco rey esta congelado, por ende, el monarca negro tranquilo.} 29. Rf1 b5
30. Ref2 Qf5 31. Re1 c5 {No puede decir lo mismo su colega blanco, al cual la
marea de peones amenaza con venir sobre el.} 32. e6 {Desesperacion.} 32... fxe6
33. Rfe2 Rd6 34. Qc1 (34. Re5 $2 Rxa3+ 35. bxa3 (35. Kb1 Ra1+) 35... Qxc2 $19)
34... Qd5 35. Re5 Qb3 {El intento Rd1 es durisimo.} (35... Qb3 36. R5e3 c4 {
y nada quedara por hacer tras un oportuno b4 del segundo bando. Excepcional
manejo posicional de Svidler, quien se encuentra realizando una gran actuacion.
}) 0-1

[Event "Chess Champions League"]
[Site "Vitoria Gasteiz ESP"]
[Date "2007.11.06"]
[Round "4"]
[White "Nisipeanu, LD."]
[Black "Karpov, Ana"]
[Result "1/2-1/2"]
[WhiteElo "2668"]
[BlackElo "2670"]
[Annotator "de Dovitiis Alejo"]
[PlyCount "53"]
[EventDate "2007.11.02"]
[Source "Mark Crowther"]
[SourceDate "2007.11.12"]

{EL GRIS REGRESO DE TOLYA No existe un ajedrecista en el mundo que pueda dudar
de la trayectoria de Anatoly Karpov, campeon del mundo durante diez anos, pero
su escasa participacion en la elite ajedrecistica le ha hecho pagar su precio.
En el Magistral de Vitoria para ayudar al continente africano lo suyo fueron
muchas tablas y derrotas, por eso es interesante ver su presente que aunque no
es el mejor siempre es de sumo interes para todo el mundo de los trebejos.} 1.
e4 e5 2. Nf3 Nf6 {La defensa Petroff en la elite debe en parte su popularidad
a Karpov quien la viene practicano desde la decada del 80.} 3. Nxe5 d6 4. Nf3
Nxe4 5. Nc3 {La linea puesta de moda por Shirov a mediados de la decada del 90.
Su idea central es enrocar largo y provocar una posicion aguda.} (5. d4 d5 6.
Bd3 {es la variante normal.}) 5... Nxc3 6. dxc3 Be7 7. Be3 (7. Bf4 Nd7 8. Qd2
O-O 9. O-O-O Nc5 10. Nd4 $13) 7... O-O (7... Nc6 8. Qd2 Bg4 9. Be2 Qd7 10.
O-O-O) 8. Qd2 Nd7 9. O-O-O Ne5 {
Esta claro que la propuesta de cambio en e5 no favorece en nada al blanco.} 10.
Be2 {Las blancas cuidan la estructura de peones.} (10. Nd4 a6 (10... c5 11. Nb3
Be6 12. f4 Nc4 13. Qf2 Qe8 14. Bxc4 Bxc4 15. Rhe1 a5 16. Kb1 b5 17. f5 a4 18.
Nd2 Bd5 19. f6 Bxf6 20. Bxc5 Qc6 21. Bd4 Bxd4 22. Qxd4 Rfe8 23. g3 Rxe1 24.
Rxe1 Re8 25. Re3 {Pereira,J-Quadrio,A/Portugal 1994/EXT 97/0-1 (43)}) 11. f4
Ng4 12. Bd3 c5 13. Nf5 c4 14. Be4 Bxf5 15. Bxf5 Nxe3 16. Qxe3 d5 17. Kb1 Bf6
18. Qc5 Qb8 19. g3 Rd8 20. Rxd5 Rxd5 21. Qxd5 Qc7 22. Be4 Rd8 23. Qf5 Qb6 24.
Qxh7+ Kf8 25. Ka1 Qe3 26. a3 g6 27. Bxg6 {
1/2-1/2 Van der Wiel,J-Jussupow,A/Sarajevo 1984/MCD (27)}) 10... Ng4 11. Bd3
$146 {Apuntando hacia h7.} ({RR} 11. Rhe1 Nxe3 12. Qxe3 Bf6 13. h4 Bg4 14. g3
Qd7 15. Qf4 Qf5 16. Qxf5 Bxf5 17. Nd4 Bxd4 18. Rxd4 Rfe8 19. Kd2 Kf8 20. Bd3
Rxe1 21. Kxe1 Bxd3 22. cxd3 Re8+ 23. Kd2 {
1/2-1/2 Berg,P-Schuster,T/Germany 1989/GER (23)}) 11... d5 (11... Nxe3 12. Qxe3
Re8 13. Rde1 Bd7 14. h4 $5) 12. Bf4 c5 {Las negras expanden el centro como
forma de limitar el juego de las piezas adversarias.} 13. c4 d4 (13... dxc4 $6
14. Bxc4 Qxd2+ 15. Rxd2 $14) 14. h3 Nf6 15. Rde1 {
La torre dama entra en el juego, pero era de consideracion la arriesgada:} (15.
c3 dxc3 16. Qxc3 $13) 15... Re8 16. Ng5 Bd7 17. h4 h6 18. Nf3 Ng4 $1 {
El segundo bando, aprovechando el h4 blanco, traba el Ne5 de su rival.} 19. Ne5
Nxe5 20. Rxe5 Bf8 {
Karpov se defiende de los hipoteticos sacrificios del blanco en el escaque h6.}
21. Rxe8 Bxe8 22. Be5 Bc6 {El segundo bando ya no tiene grandes inconvenientes.
} 23. Qf4 Qd7 {Precavido, como corresponde, el conductor de las piezas negras
no se come el peligroso peon de g2.} (23... Bxg2 $2 24. Rg1 Bc6 25. Bxg7 Bxg7
26. Qxh6 $18) 24. Bb8 Qc8 25. Be5 Qd7 (25... Bxg2 26. Rg1 Qh3 {
Dejaba al negro con peon de mas pero con sus piezas sumamente comprometidas.})
26. Bb8 Qc8 27. Be5 {Una partida tranquila, donde se ha visto a un Karpov
solido con oficio, pero sin la pimienta de tiempos remotos, seguramente
producto de la poca competencia en el mas alto nivel internacional.} 1/2-1/2